Estrategias de evaluación del desempeño aplicadas por los directores y opinión del docente sobre el proceso, en cuatro centros del Distrito Educativo 16-05. (Record no. 1501)
[ view plain ]
| 000 -LEADER | |
|---|---|
| campo de control de longitud fija | 02799nam a2200565Ia 4500 |
| 001 - NÚMERO DE CONTROL | |
| campo de control | 1607 |
| 008 - DATOS DE LONGITUD FIJA--INFORMACIÓN GENERAL | |
| campo de control de longitud fija | 241029s9999 xx 000 0 und d |
| 010 ## - NÚMERO DE CONTROL DE LA BIBLIOTECA DEL CONGRESO | |
| Número de control de LC | 1501 |
| 041 ## - CÓDIGO DE IDIOMA | |
| Código de lengua del texto/banda sonora o título independiente | Español |
| 082 ## - NÚMERO DE LA CLASIFICACIÓN DECIMAL DEWEY | |
| Número de clasificación | NO APLICA |
| 245 #0 - MENCIÓN DEL TÍTULO | |
| Título | Estrategias de evaluación del desempeño aplicadas por los directores y opinión del docente sobre el proceso, en cuatro centros del Distrito Educativo 16-05. |
| 260 ## - PUBLICACIÓN, DISTRIBUCIÓN, ETC. | |
| Lugar de publicación, distribución, etc. | Monseñor Nouel |
| 300 ## - DESCRIPCIÓN FÍSICA | |
| Extensión | 102 |
| 520 ## - RESUMEN, ETC. | |
| Sumario, etc. | 7 |
| 520 ## - RESUMEN, ETC. | |
| Sumario, etc. | El objetivo del estudio es conocer las estrategias del director como evaluador del desempeño profesional docente en cuatro escuelas básica del Distrito Educativo 16-05 de Piedra Blanca.Esta investigación utilizó la metodología descriptiva pues según Bernal (2006), la investigación descriptiva reseña las cualidades de la población. El instrumento usado fue el cuestionario, instrumento compuesto por un conjunto de preguntas. Para comprobar su validez, el instrumento fue sometido a una prueba piloto, la cual se le aplicó a un grupo con las mismas características de la muestra del estudio. El cual consta de veinte y una pregunta con cinco elecciones, para maestros y un segundo cuestionario con 15 preguntas y cinco elecciones para directores. Participaron en este estudio 4 directores como representación de los directores de las 4 escuelas se escogieron 41 maestros de 365, del total de la población.En conclusión, según las respuestas dadas las estrategias usadas por el director al evaluar son: las buenas relaciones humanas. Con respecto a la flexibilidad, consideran que el director es flexible al evaluar. Con respecto a dar a conocer los resultados de la evaluación, contestaron que el director da a conocer los resultados. |
| 630 ## - PUNTO DE ACCESO ADICIONAL DE MATERIA--TÍTULO UNIFORME | |
| Título uniforme | Desempeño Docente |
| 630 ## - PUNTO DE ACCESO ADICIONAL DE MATERIA--TÍTULO UNIFORME | |
| Título uniforme | Directores de Centro |
| 630 ## - PUNTO DE ACCESO ADICIONAL DE MATERIA--TÍTULO UNIFORME | |
| Título uniforme | Estrategia |
| 630 ## - PUNTO DE ACCESO ADICIONAL DE MATERIA--TÍTULO UNIFORME | |
| Título uniforme | Evaluación |
| 650 ## - PUNTO DE ACCESO ADICIONAL DE MATERIA--TÉRMINO DE MATERIA | |
| Término de materia o nombre geográfico como elemento de entrada | Administración de la Educación |
| 690 ## - PUNTO DE ACCESO ADICIONAL DE MATERIA LOCAL--TÉRMINO DE MATERIA (OCLC, RLIN) | |
| Término de materia o nombre geográfico como elemento inicial | Copiado sin cambios |
| 700 ## - ENTRADA AGREGADA--NOMBRE PERSONAL | |
| Término indicativo de función/relación | asesor |
| Nombre de persona | Utate García, Jairo |
| 700 ## - ENTRADA AGREGADA--NOMBRE PERSONAL | |
| Término indicativo de función/relación | autor |
| Nombre de persona | Batista, Flor María |
| 700 ## - ENTRADA AGREGADA--NOMBRE PERSONAL | |
| Término indicativo de función/relación | autor |
| Nombre de persona | González, Ada |
| 901 ## - ELEMENTOS DE DATOS A LOCAL LDA (RLIN) | |
| a | {"1":"Batista","2":"González"} |
| b | {"1":" Flor María ","2":"Ada"} |
| 902 ## - ELEMENTOS DE DATOS B LOCAL, LDB (RLIN) | |
| a | 1 |
| 903 ## - ELEMENTOS DE DATOS C LOCAL, LDC (RLIN) | |
| a | {"1":"Utate García"} |
| b | {"1":"Jairo "} |
| 904 ## - ELEMENTOS DE DATOS D LOCAL, LDD (RLIN) | |
| a | Maestría en |
| 905 ## - ELEMENTOS DE DATOS E LOCAL, LDE (RLIN) | |
| a | Gestión de Centros Educativos |
| 906 ## - ELEMENTOS DE DATOS F LOCAL, LDF (RLIN) | |
| a | 2 |
| 907 ## - ELEMENTOS DE DATOS G LOCAL, LDG (RLIN) | |
| a | NO APLICA |
| 908 ## - COLOCAR PARÁMETRO DE COMANDO (RLIN) | |
| Colocar parámetro de comando | NO APLICA |
| 909 ## - | |
| -- | Universidad Adventista Dominicana (UNAD) |
| 910 ## - DATOS DE OPCIÓN DEL USUARIO (OCLC) | |
| Datos de opción del usuario | NULL |
| -- | NULL |
| 911 ## - EQUIVALENCIA O REFERENCIA-CRUZADA-NOMBRE DE CONFERENCIA O REUNIÓN/CONGRESO [LOCAL, CANADÁ] | |
| Nombre de congreso/reunión o jurisdicción como elemento de entrada | ["1"] |
| 912 ## - | |
| -- | NO APLICA |
| 913 ## - | |
| -- | NULL |
| 914 ## - | |
| -- | 07 de Enero de 2008 |
| 915 ## - | |
| -- | 23/12/19 11:12 |
| 916 ## - | |
| -- | NULL |
| 917 ## - | |
| -- | NULL |
| 918 ## - | |
| -- | NO APLICA |
| 919 ## - | |
| -- | ["62","203","92","97"] |
| 921 ## - | |
| -- | 28 |
| 922 ## - | |
| -- | 28 |
| 923 ## - | |
| -- | 0 |
| 924 ## - | |
| -- | NO APLICA |
| 942 ## - ELEMENTOS DE ENTRADA SECUNDARIOS (KOHA) | |
| Tipo de ítem Koha | |
No items available.